| 000 | 00557nam a2200193 a 4500 | ||
|---|---|---|---|
| 001 | 15157 | ||
| 003 | CO-ViMGA | ||
| 008 | 141112s2004 ck r 000 u spa d | ||
| 020 | _a958923514X | ||
| 040 |
_aCO-ViMGA _bspa _cCO-ViMGA |
||
| 082 | 0 | 4 | _aCo860.4 P371ma |
| 100 | 1 |
_aPeralta, Andres _921988 |
|
| 245 | 1 | 0 |
_aAnálisis literario de : _bLa Mala Hora ;Gabriel Garcia Marquez |
| 260 |
_aBogotá, _cEsquilo, _c1998 |
||
| 300 | _a58.p. | ||
| 650 | 1 | 4 |
_aANALISIS LITERARIO - LA MALA HORA _921989 |
| 650 | 1 | 4 |
_aGARCIA MARQUEZ, GABRIEL _921990 |
| 942 |
_2ddc _cBK |
||
| 999 |
_c25533 _d25533 |
||